• 首页
  • 本馆介绍
  • 公告通知
  • 最新文献
  • 馆藏检索
  • 电子资源
  • 读者导购
  • 参考咨询
  • 我的图书馆
  • 登录
  • 详细信息显示
  • 放入我的书架
  • 预约/预借图书
  • 作者相关作品
  • 分类相关作品
  • 丛书相关作品
  • 出版社相关作品

书目信息

  • 表格格式
  • 工作单格式
  • 卡片格式
题名:
文学社群文化形态论
    
 
作者: 杨洪承 著
分册:  
出版信息: 合肥   安徽文艺出版社  1998.04
页数: 314页
开本: 32开
丛书名:
单 册:
中图分类: I0-02
科图分类:
主题词: 文学理论
电子资源:
ISBN: 7-5396-1647-4
000 00750nam0 2200205 45
001 0204221580
005 20031219104054.9
010    @a7-5396-1647-4@dCNY12.00
100    @a20020422d1998 km y0chiy0120 ea
101 0  @achi
105    @a z 000yy
200 1  @a文学社群文化形态论@AWen Xue She Qun Wen Hua Xing Tai Lun@e现代中国文学社团流派文化研究@EXian Dai Zhong Guo Wen Xue She Tuan Liu Pai Wen Hua Yan Jiu@f杨洪承著@FYang Hong Cheng Zhu
210    @a合肥@c安徽文艺出版社@d1998.04
215    @a314页@d32开
517    @a现代中国文学社团流派文化研究@AXian Dai Zhong Guo Wen Xue She Tuan Liu Pai Wen Hua Yan Jiu
606 0  @a文学理论
690    @aI0-02@v4
701    @a杨洪承@4著
801    @aCN@bTSTC@c20020422
905    @b308826-828@dI0-02@e218@f3
    
    文学社群文化形态论:现代中国文学社团流派文化研究/杨洪承著.-合肥:安徽文艺出版社,1998.04
    314页;32开
    
    
    ISBN 7-5396-1647-4:CNY12.00
    
●
相关链接 在E读中查询图书 在五车中查询图书 在当当中查询图书 在豆瓣中查询图书


正题名:文学社群文化形态论     索取号:I0-02/218         预约/预借

序号 登录号 条形码 馆藏地/架位号 状态 备注
1 0308826   203088265   第二借阅区/ [索取号:I0-02/218] 在馆    
2 0308827   203088274   第二借阅区/ [索取号:I0-02/218] 在馆    
3 0308828   203088283   第一样本阅览室/ [索取号:I0-02/218] 在馆    
唐山师范学院图书馆 欢迎您!
大连网信软件有限公司© 版权所有